[Event "Penang Heritage op 16th"]
[Site "Penang"]
[Date "2024.12.26"]
[Round "7"]
[White "Saravanan, Durga"]
[Black "Duong, The Anh"]
[Result "1-0"]
[WhiteElo "1869"]
[BlackElo "2303"]
[PlyCount "105"]
[EventDate "2024.12.23"]
[EventType "swiss"]
[EventRounds "9"]
[EventCountry "MAS"]
[SourceTitle "CB14_2025"]
[SourceDate "2024.11.01"]
[SourceVersion "1"]
[SourceVersionDate "2024.11.01"]
[SourceQuality "1"]

1. c4 e6 2. Nf3 d5 3. e3 Nf6 4. Nc3 Be7 5. b3 0-0 6. Bb2 c5 7. cxd5 Nxd5 8. h4 Nc6 9. Ng5 h6 10. Qc2 f5 11. Nf3 Bf6 12. a3 Bd7 13. 0-0-0 Nxc3 14. dxc3 Qc7 15. g4 fxg4 16. Ng5 hxg5 17. hxg5 Be5 18. Bc4 Kf7 19. Rh4 Ke7 20. Rxg4 Na5 21. Bd3 Bc6 22. Be4 Bxe4 23. Rxe4 c4 24. bxc4 Nxc4 25. f4 Bd6 26. Qb3 Rac8 27. a4 Qb6 28. Qxb6 Nxb6 29. Rdd4 Rf5 30. Kb1 Bc5 31. Rd2 Rc7 32. c4 Nxa4 33. Bxg7 Kf7 34. Be5 Re7 35. Rh2 Ke8 36. g6 Rf8 37. Ra2 Nb6 38. Rxa7 Nc8 39. Ra8 Kd7 40. Bc3 Rg8 41. Re5 b6 42. Rh5 Rxg6 43. Rh8 Rg1+ 44. Kc2 Rg2+ 45. Kd3 Re8 46. Rxe8 Kxe8 47. Rxc8+ Kd7 48. Rh8 Rg3 49. Bd4 Kd6 50. Rh6 Ke7 51. Rh7+ Kd6 52. Be5+ Kc6 53. Rc7# 1-0

[Event "Valencia Monteolivete op 4th"]
[Site "Valencia"]
[Date "2024.07.15"]
[Round "1"]
[White "Saravanan, Durga"]
[Black "Bressac, Stephane"]
[Result "0-1"]
[WhiteElo "1783"]
[BlackElo "2287"]
[PlyCount "80"]
[EventDate "2024.07.15"]
[EventType "swiss"]
[EventRounds "9"]
[EventCountry "ESP"]
[SourceTitle "EXT 2025"]
[Source "ChessBase"]
[SourceDate "2024.10.14"]
[SourceVersion "1"]
[SourceVersionDate "2024.10.14"]
[SourceQuality "1"]

1. d4 d6 2. Nf3 Nf6 3. c4 g6 4. Nc3 Nbd7 5. e4 e5 6. Be2 Bg7 7. 0-0 0-0 8. Be3 Qe7 9. Qc2 c6 10. d5 c5 11. Ne1 Kh8 12. g3 Ng8 13. Ng2 f5 14. exf5 gxf5 15. f4 e4 16. a3 Ngf6 17. b4 b6 18. Rab1 Ne8 19. Bf2 Ndf6 20. Ne3 h5 21. h3 Bh6 22. Ng2 Rg8 23. Kh2 a6 24. Na4 Qd8 25. bxc5 bxc5 26. Nb6 Ra7 27. Nxc8 Qxc8 28. Qb2 Rag7 29. Qb8 Qd7 30. Rb6 e3 31. Nxe3 Ne4 32. Rxa6 Nc7 33. Qb7 Nxa6 34. Qxa6 Nxf2 35. Rxf2 Rxg3 36. Ng2 Qg7 37. Bf1 Rxh3+ 38. Kg1 Qg3 39. Re2 Qh4 40. Re8 Rh1# 0-1

[Event "Wch U20 Girls 39th"]
[Site "Mexico City"]
[Date "2023.09.28"]
[Round "8"]
[White "Saravanan, Durga"]
[Black "Lopez Rayo, Isabella"]
[Result "1/2-1/2"]
[WhiteElo "1757"]
[BlackElo "1876"]
[PlyCount "122"]
[EventDate "2023.09.21"]
[EventType "swiss"]
[EventRounds "11"]
[EventCountry "MEX"]
[SourceTitle "CBM 216 Extra"]
[Source "ChessBase"]
[SourceDate "2023.11.30"]
[SourceVersion "1"]
[SourceVersionDate "2023.11.30"]
[SourceQuality "1"]

1. d4 Nf6 2. c4 c5 3. d5 b5 4. cxb5 a6 5. bxa6 e6 6. Nc3 exd5 7. Nxd5 Be7 8. Bf4 Nxd5 9. Qxd5 Nc6 10. g3 0-0 11. Bg2 Rxa6 12. Nf3 Nb4 13. Qd2 Rxa2 14. Rxa2 Nxa2 15. 0-0 d5 16. Ra1 Nb4 17. Ra7 Bd6 18. Bxd6 Qxd6 19. Qg5 Qb6 20. Re7 Nc6 21. Re3 Be6 22. Qh5 Qxb2 23. Ng5 Qb1+ 24. Bf1 Bf5 25. Re8 Bg6 26. Rxf8+ Kxf8 27. Qg4 Qf5 28. Qxf5 Bxf5 29. Bg2 c4 30. Kf1 c3 31. Ke1 Bb1 32. Bxd5 Nd4 33. Bc4 Ke7 34. Nxf7 c2 35. Kd2 Nxe2 36. Bxe2 Kxf7 37. Bc4+ Kf6 38. Bb3 h5 39. Bxc2 Ba2 40. Ke3 g6 41. Kf4 Bd5 42. h4 Bc4 43. f3 Be6 44. Ba4 Bc8 45. Be8 Be6 46. Bc6 Bc8 47. Be4 Bd7 48. Ke3 Bc8 49. Kd4 Bd7 50. Kd5 Bc8 51. Kd6 Bh3 52. Kc7 Bf1 53. Kd8 Bb5 54. Bb7 Ba4 55. Bc8 Bc6 56. f4 Bb5 57. g4 hxg4 58. Bxg4 Ba4 59. h5 gxh5 60. Bxh5 Kf5 61. Ke7 Kxf4 1/2-1/2

[Event "Wch U20 Girls 39th"]
[Site "Mexico City"]
[Date "2023.09.22"]
[Round "3"]
[White "Garcia Ortega, Natalia Belen"]
[Black "Saravanan, Durga"]
[Result "1-0"]
[WhiteElo "1488"]
[BlackElo "1757"]
[PlyCount "123"]
[EventDate "2023.09.21"]
[EventType "swiss"]
[EventRounds "11"]
[EventCountry "MEX"]
[SourceTitle "CBM 216 Extra"]
[Source "ChessBase"]
[SourceDate "2023.11.30"]
[SourceVersion "1"]
[SourceVersionDate "2023.11.30"]
[SourceQuality "1"]

1. d4 Nf6 2. c4 e6 3. Nc3 Bb4 4. g3 0-0 5. Bg2 d5 6. Nf3 c6 7. 0-0 dxc4 8. Ne5 Nd5 9. Qc2 b5 10. a4 f6 11. Nf3 Qd7 12. e4 Nxc3 13. bxc3 Be7 14. Rd1 Bb7 15. Be3 a6 16. Qe2 Qc8 17. Bf4 Re8 18. a5 Nd7 19. e5 f5 20. Ng5 Bxg5 21. Bxg5 Nf8 22. h4 h6 23. Be3 Ng6 24. Qh5 Ne7 25. Kh2 Qd7 26. Rg1 Kh7 27. g4 fxg4 28. Be4+ Nf5 29. Rxg4 Re7 30. Rag1 Kh8 31. Rg6 Rf7 32. Bxh6 gxh6 33. Rxh6+ Rh7 34. Bxf5 exf5 35. Qg6 Rf8 36. Rg5 Qf7 37. Rxh7+ Qxh7 38. Rh5 Qxh5 39. Qxh5+ Kg7 40. Qg5+ Kf7 41. Qxf5+ Ke7 42. Qg5+ Ke6 43. f4 Rf7 44. Qg6+ Ke7 45. f5 Rf8 46. f6+ Ke6 47. Qg7 Rf7 48. Qg8 c5 49. Qe8+ Kf5 50. Qxf7 Bc8 51. Qc7 Be6 52. Qxc5 Bf7 53. Qc8+ Be6 54. Qxa6 Bd7 55. f7 Ke4 56. f8Q Kd3 57. Qf3+ Kc2 58. Qg6+ Kb2 59. Qgg2+ Ka3 60. Qfe2 Kb3 61. Qa2+ Kxc3 62. Qgd2# 1-0

[Event "Wch U20 Girls 39th"]
[Site "Mexico City"]
[Date "2023.09.21"]
[Round "1"]
[White "Kanyamarala, Trisha"]
[Black "Saravanan, Durga"]
[Result "1-0"]
[WhiteElo "2184"]
[BlackElo "1757"]
[PlyCount "153"]
[EventDate "2023.09.21"]
[EventType "swiss"]
[EventRounds "11"]
[EventCountry "MEX"]
[SourceTitle "CBM 216 Extra"]
[Source "ChessBase"]
[SourceDate "2023.11.30"]
[SourceVersion "1"]
[SourceVersionDate "2023.11.30"]
[SourceQuality "1"]

1. d4 Nf6 2. c4 e6 3. Nf3 d5 4. Nc3 Bb4 5. cxd5 exd5 6. Qc2 0-0 7. Bg5 h6 8. Bh4 Be7 9. e3 c6 10. Bd3 Nbd7 11. 0-0 Nh5 12. Bxe7 Qxe7 13. Rfe1 Qd6 14. a3 Nhf6 15. b4 Re8 16. Rab1 Nf8 17. h3 Be6 18. Ne5 N6d7 19. f4 Nxe5 20. dxe5 Qe7 21. Qf2 Rad8 22. e4 d4 23. Ne2 c5 24. bxc5 Qxc5 25. Rxb7 Bc8 26. Rb4 a5 27. Rbb1 Qxa3 28. Qg3 Qe7 29. Ra1 Ng6 30. e6 Nf8 31. exf7+ Qxf7 32. Rxa5 Qc7 33. Rh5 Kh8 34. Rc1 Qf7 35. Ra5 Bb7 36. e5 Qe7 37. Rb1 Ra8 38. Rxa8 Bxa8 39. f5 Bc6 40. Rc1 Bd5 41. e6 Qf6 42. Rc7 Bxe6 43. fxe6 Nxe6 44. Rc6 Qd8 45. Rd6 Qe7 46. Qe5 Qg5 47. Qxg5 Nxg5 48. Rxd4 Nf7 49. Nf4 Kg8 50. Bc4 Re7 51. Ng6 Rc7 52. Ne5 Ra7 53. Bxf7+ Kf8 54. Rd8+ Ke7 55. Nc6+ Kxf7 56. Nxa7 Kf6 57. Nb5 Ke7 58. Ra8 Kf6 59. Ra6+ Kf5 60. g4+ Kg5 61. Nd4 g6 62. Nf3+ Kf4 63. Rxg6 Kxf3 64. Rxh6 Kf4 65. Rg6 Ke5 66. h4 Kf4 67. h5 Kg3 68. h6 Kf4 69. h7 Kg3 70. h8Q Kf3 71. Qf8+ Ke4 72. Re6+ Kd5 73. Qf5+ Kd4 74. Re4+ Kd3 75. Qf3+ Kd2 76. Re2+ Kd1 77. Qf1# 1-0

[Event "SGP-ch 74th"]
[Site "Singapore"]
[Date "2023.01.27"]
[Round "1"]
[White "Saravanan, Durga"]
[Black "Pang, Kay Yan Eden"]
[Result "0-1"]
[WhiteElo "1922"]
[BlackElo "1394"]
[PlyCount "128"]
[EventDate "2023.01.27"]
[EventType "swiss"]
[EventRounds "9"]
[EventCountry "SIN"]
[SourceTitle "CBM 212 Extra"]
[Source "ChessBase"]
[SourceDate "2023.03.31"]
[SourceVersion "1"]
[SourceVersionDate "2023.03.31"]
[SourceQuality "1"]

1. d4 Nf6 2. c4 e6 3. Nc3 Bb4 4. e3 b6 5. Bd3 Bb7 6. Nf3 Ne4 7. Qc2 f5 8. 0-0 Bxc3 9. bxc3 0-0 10. c5 bxc5 11. Rb1 Qc8 12. Ba3 d6 13. Rfc1 Nd7 14. Nd2 Nxd2 15. Qxd2 Rb8 16. Qc2 Qd8 17. f4 Rf6 18. c4 cxd4 19. exd4 Rh6 20. d5 Qh4 21. g3 Qh5 22. Rb2 Nb6 23. Re1 Re8 24. Qe2 Qxe2 25. Rbxe2 Ba6 26. Bxf5 Bxc4 27. Bxe6+ Kf8 28. Re4 Re7 29. f5 Bxa2 30. Bc1 Rh5 31. g4 Rh3 32. f6 gxf6 33. Kg2 f5 34. gxf5 Rh5 35. f6 Re8 36. Rg4 Bxd5+ 37. Bxd5 Nxd5 38. Rf1 Re2+ 39. Kg1 Rexh2 40. Rf3 Rh1+ 41. Kg2 R5h2+ 42. Kg3 Rh3+ 43. Kg2 Rxf3 44. Kxh1 Rf1+ 45. Rg1 Rxg1+ 46. Kxg1 Nxf6 47. Kf2 Kf7 48. Ke3 Ke6 49. Kd4 d5 50. Kc5 Ne4+ 51. Kc6 d4 52. Kxc7 d3 53. Kb7 d2 54. Bxd2 Nxd2 55. Kxa7 h5 56. Kb6 h4 57. Kc5 h3 58. Kd4 h2 59. Ke3 h1Q 60. Kxd2 Qf3 61. Kc2 Kd5 62. Kb2 Kc4 63. Ka1 Kb3 64. Kb1 Qd1# 0-1

[Event "Sitges Sunway op 9th"]
[Site "Sitges"]
[Date "2022.12.20"]
[Round "8"]
[White "Saravanan, Durga"]
[Black "Dixit, Nikhil"]
[Result "1/2-1/2"]
[WhiteElo "1784"]
[BlackElo "2306"]
[PlyCount "117"]
[EventDate "2022.12.12"]
[EventType "swiss"]
[EventRounds "10"]
[EventCountry "ESP"]
[SourceTitle "CBM 211 Extra"]
[Source "ChessBase"]
[SourceDate "2023.01.31"]
[SourceVersion "1"]
[SourceVersionDate "2023.01.31"]
[SourceQuality "1"]

1. d4 Nf6 2. c4 g6 3. Nc3 Bg7 4. e4 d6 5. Be2 0-0 6. Nf3 Nbd7 7. Be3 e5 8. 0-0 Qe7 9. Qc2 exd4 10. Nxd4 c6 11. f3 Re8 12. Bf2 Nh5 13. Rfd1 Nf4 14. Bf1 Ne5 15. Nce2 Nh5 16. Rac1 Bh6 17. Ra1 a6 18. b4 a5 19. c5 dxc5 20. bxc5 Nd7 21. Nb3 a4 22. Nd2 Ne5 23. Nc3 a3 24. Nc4 Nxc4 25. Bxc4 Be6 26. Na4 Rad8 27. Nb6 Nf4 28. Kh1 Bg7 29. Rxd8 Rxd8 30. Rd1 g5 31. Be3 Be5 32. g3 Ng6 33. Rxd8+ Qxd8 34. Bxe6 fxe6 35. Nc4 h5 36. Nxa3 g4 37. f4 Qa5 38. fxe5 Qxa3 39. Bd4 Qf3+ 40. Kg1 h4 41. Qb3 Qe2 42. Qxe6+ Kh7 43. Qf7+ Kh6 44. Qf1 Qxe4 45. Bb2 Kh5 46. Qd1 h3 47. Qd2 Nxe5 48. Bxe5 Qxe5 49. Qc1 Qe2 50. Qf1 Qe3+ 51. Kh1 Qe4+ 52. Kg1 Qe3+ 53. Kh1 Qxc5 54. Qf7+ Kg5 55. Qf4+ Kh5 56. Qf7+ Kh6 57. Qf6+ Kh7 58. Qh4+ Kg6 59. Qxg4+ 1/2-1/2

[Event "Sitges Sunway op 9th"]
[Site "Sitges"]
[Date "2022.12.19"]
[Round "7"]
[White "Saravanan, Durga"]
[Black "Frederic, Clement"]
[Result "1-0"]
[WhiteElo "1784"]
[BlackElo "2245"]
[PlyCount "91"]
[EventDate "2022.12.12"]
[EventType "swiss"]
[EventRounds "10"]
[EventCountry "ESP"]
[SourceTitle "CBM 211 Extra"]
[Source "ChessBase"]
[SourceDate "2023.01.31"]
[SourceVersion "1"]
[SourceVersionDate "2023.01.31"]
[SourceQuality "1"]

1. d4 f5 2. Bg5 h6 3. Bh4 g5 4. e3 Nf6 5. Bg3 d6 6. Nc3 Nc6 7. h4 g4 8. h5 Bg7 9. Bc4 e5 10. dxe5 Nxe5 11. Bb3 Qe7 12. Nge2 Bd7 13. Nf4 c6 14. Ng6 Nxg6 15. Bxd6 Qd8 16. hxg6 Qa5 17. Bf7+ Kd8 18. Qd2 Kc8 19. Rd1 b5 20. a3 a6 21. Qd4 Qd8 22. Be5 Rb8 23. Qa7 Qb6 24. Bxb8 Qxb8 25. Qxa6+ Qb7 26. Qxb7+ Kxb7 27. 0-0 Kc7 28. Rfe1 Rb8 29. Ne2 Ne4 30. c3 Ng5 31. Bb3 Be8 32. Nf4 Bd7 33. Nh5 Be5 34. g7 Ne6 35. g8Q Rxg8 36. Nf4 Re8 37. Rxd7+ Kxd7 38. Nxe6 Rxe6 39. Bxe6+ Kxe6 40. Rd1 Bf6 41. Kf1 Be7 42. Ke2 Bf6 43. Rh1 Bg7 44. Rh5 Bf8 45. Kd3 c5 46. c4 1-0

[Event "Wch U20 Girls 38th"]
[Site "Cala Gonone"]
[Date "2022.10.19"]
[Round "8"]
[White "Saravanan, Durga"]
[Black "Gardiner, Noa Saxon"]
[Result "1-0"]
[WhiteElo "1736"]
[BlackElo "1266"]
[PlyCount "67"]
[EventDate "2022.10.12"]
[EventType "swiss"]
[EventRounds "11"]
[EventCountry "ITA"]
[SourceTitle "CBM 210 Extra"]
[Source "ChessBase"]
[SourceDate "2022.11.30"]
[SourceVersion "1"]
[SourceVersionDate "2022.11.30"]
[SourceQuality "1"]

1. d4 Nf6 2. c4 e6 3. Nc3 Bb4 4. e3 b6 5. Bd3 Bb7 6. Nf3 Ne4 7. Qc2 f5 8. 0-0 Bxc3 9. bxc3 0-0 10. c5 bxc5 11. Rb1 Qc8 12. Ba3 Nc6 13. Bxe4 fxe4 14. Ng5 Na5 15. Nxe4 Nc4 16. Bc1 cxd4 17. cxd4 Nb6 18. Ng5 Rf5 19. e4 Rf6 20. Nxh7 Kxh7 21. e5+ Rg6 22. Rb3 Qe8 23. Rg3 Qf7 24. Rg5 Rf8 25. h4 Ba6 26. h5 Kg8 27. hxg6 Qe7 28. Qe4 Rf5 29. Qh4 Qxg5 30. Bxg5 Rxg5 31. Qh7+ Kf8 32. Qh8+ Ke7 33. Qxg7+ Kd8 34. Qf8# 1-0

[Event "Wch U20 Girls 38th"]
[Site "Cala Gonone"]
[Date "2022.10.18"]
[Round "7"]
[White "Saravanan, Durga"]
[Black "Jacobsen, Shanne Hedegaard"]
[Result "1-0"]
[WhiteElo "1736"]
[BlackElo "1412"]
[PlyCount "87"]
[EventDate "2022.10.12"]
[EventType "swiss"]
[EventRounds "11"]
[EventCountry "ITA"]
[SourceTitle "CBM 210 Extra"]
[Source "ChessBase"]
[SourceDate "2022.11.30"]
[SourceVersion "1"]
[SourceVersionDate "2022.11.30"]
[SourceQuality "1"]

1. d4 d5 2. c4 c6 3. Nf3 Nf6 4. Nc3 e6 5. e3 Nbd7 6. Qc2 Bd6 7. Bd3 dxc4 8. Bxc4 b5 9. Be2 Bb7 10. 0-0 0-0 11. e4 Be7 12. e5 Nd5 13. Nxd5 exd5 14. Bd3 g6 15. Bh6 Re8 16. e6 Nf8 17. exf7+ Kxf7 18. Ne5+ Kg8 19. Bxf8 Bxf8 20. Bxg6 Re7 21. Bf5 Qc7 22. Rac1 Bh6 23. Rcd1 Rf8 24. Qd3 Rg7 25. Qh3 Bf4 26. Nf3 Bc8 27. Bxc8 Rxc8 28. Qe6+ Kh8 29. Kh1 Rcg8 30. g3 Bd6 31. Nh4 Qd8 32. Rde1 Qf8 33. Qh6 Be7 34. f4 Rf7 35. Qxf8 Rgxf8 36. Nf3 Bb4 37. Rc1 Rc7 38. Ne5 Rfc8 39. f5 c5 40. a3 Bd2 41. Rxc5 Rxc5 42. dxc5 Rxc5 43. f6 Bh6 44. Nf7+ 1-0

[Event "Wch U20 Girls 38th"]
[Site "Cala Gonone"]
[Date "2022.10.16"]
[Round "6"]
[White "Gabbani, Sara"]
[Black "Saravanan, Durga"]
[Result "1-0"]
[WhiteElo "1944"]
[BlackElo "1736"]
[PlyCount "123"]
[EventDate "2022.10.12"]
[EventType "swiss"]
[EventRounds "11"]
[EventCountry "ITA"]
[SourceTitle "CBM 210 Extra"]
[Source "ChessBase"]
[SourceDate "2022.11.30"]
[SourceVersion "1"]
[SourceVersionDate "2022.11.30"]
[SourceQuality "1"]

1. e4 c5 2. Nf3 d6 3. Bb5+ Nd7 4. 0-0 a6 5. Bd3 Ngf6 6. c3 g6 7. Bc2 Bg7 8. d4 cxd4 9. cxd4 e5 10. Nc3 0-0 11. a4 Qc7 12. Be3 b6 13. Qd2 Bb7 14. Rac1 Rac8 15. Rfe1 Qb8 16. d5 Ne8 17. Bh6 Nc7 18. Qg5 f6 19. Qh4 Bxh6 20. Qxh6 Rf7 21. Re3 Rg7 22. Nh4 a5 23. Rg3 Ne8 24. Re1 Kf7 25. Bd1 Nf8 26. f4 exf4 27. Rf3 Qc7 28. Rf2 Qe7 29. Nf3 Kg8 30. Qxf4 Nd7 31. Nd4 Nc5 32. Be2 Rf7 33. Ref1 Kg7 34. Qg4 Nc7 35. Nf5+ Kf8 36. Nxe7 Kxe7 37. Qh4 Ne8 38. Bb5 Nd7 39. Ne2 Rd8 40. Nd4 Rc8 41. Bxd7 Kxd7 42. Qh3+ Ke7 43. Qe6+ Kf8 44. Nb5 Rd8 45. Rxf6 Nxf6 46. Rxf6 Rxf6 47. Qxf6+ Ke8 48. Nxd6+ Kd7 49. Nxb7 Re8 50. Qc6+ Ke7 51. d6+ Kf7 52. d7 Rf8 53. d8Q Rxd8 54. Nxd8+ Ke7 55. e5 Kxd8 56. e6 Ke7 57. Qd7+ Kf6 58. e7 Kg5 59. e8Q Kh6 60. Qe3+ g5 61. Qee6+ Kh5 62. Qxh7# 1-0

[Event "Wch U20 Girls 38th"]
[Site "Cala Gonone"]
[Date "2022.10.15"]
[Round "5"]
[White "Dejanovic, Tereza"]
[Black "Saravanan, Durga"]
[Result "1-0"]
[WhiteElo "1943"]
[BlackElo "1736"]
[PlyCount "99"]
[EventDate "2022.10.12"]
[EventType "swiss"]
[EventRounds "11"]
[EventCountry "ITA"]
[SourceTitle "CBM 210 Extra"]
[Source "ChessBase"]
[SourceDate "2022.11.30"]
[SourceVersion "1"]
[SourceVersionDate "2022.11.30"]
[SourceQuality "1"]

1. e4 c5 2. c3 Nf6 3. e5 Nd5 4. d4 cxd4 5. Nf3 e6 6. cxd4 d6 7. Bc4 Nc6 8. 0-0 Be7 9. Qe2 dxe5 10. dxe5 0-0 11. Rd1 Qc7 12. Bxd5 exd5 13. Nc3 Be6 14. Nxd5 Bxd5 15. Rxd5 Nb4 16. Rd1 Rfd8 17. Bg5 Rxd1+ 18. Qxd1 Bxg5 19. Nxg5 Qxe5 20. Nxf7 Qxb2 21. Rb1 Qxa2 22. Nh6+ gxh6 23. Rxb4 Qe6 24. Rg4+ Kf7 25. Qf3+ Qf6 26. Rf4 Qxf4 27. Qxf4+ Kg6 28. Qe4+ Kf6 29. Qxb7 Re8 30. f4 Re7 31. Qa6+ Kg7 32. g4 Rf7 33. f5 h5 34. h3 Kg8 35. Kf2 hxg4 36. hxg4 Kg7 37. Kg3 Rd7 38. Qe6 Rf7 39. g5 a5 40. Qe5+ Kg8 41. Qxa5 Kg7 42. Kg4 Rf8 43. f6+ Kg8 44. Qc7 Rf7 45. Qc8+ Rf8 46. Qe6+ Rf7 47. Kf5 h5 48. Kg6 Kh8 49. Qe8+ Rf8 50. Qxf8# 1-0

[Event "Wch U20 Girls 38th"]
[Site "Cala Gonone"]
[Date "2022.10.13"]
[Round "3"]
[White "Ishvi, Aggarwal"]
[Black "Saravanan, Durga"]
[Result "1-0"]
[WhiteElo "1964"]
[BlackElo "1736"]
[PlyCount "183"]
[EventDate "2022.10.12"]
[EventType "swiss"]
[EventRounds "11"]
[EventCountry "ITA"]
[SourceTitle "CBM 210 Extra"]
[Source "ChessBase"]
[SourceDate "2022.11.30"]
[SourceVersion "1"]
[SourceVersionDate "2022.11.30"]
[SourceQuality "1"]

1. d4 Nf6 2. c4 e6 3. g3 d5 4. Nf3 Bb4+ 5. Bd2 Bd6 6. Nc3 0-0 7. Bg5 c6 8. Bg2 h6 9. Bxf6 Qxf6 10. 0-0 Qd8 11. e4 dxc4 12. Nd2 Nd7 13. Nxc4 Nb6 14. Ne3 e5 15. d5 Bc5 16. Nc2 a5 17. Qe2 Qe7 18. Rae1 Bb4 19. Ne3 g6 20. Kh1 Bd7 21. f4 exf4 22. gxf4 Bxc3 23. bxc3 cxd5 24. exd5 f5 25. Qf2 Qf6 26. Rb1 Ra6 27. Rfc1 Na4 28. Rxb7 Nc5 29. Rc7 Qd6 30. Rxd7 Nxd7 31. Qh4 Kh7 32. Re1 Qf6 33. Qxf6 Nxf6 34. Rb1 Nh5 35. Rb7+ Kg8 36. Bf1 Rd6 37. c4 Rc8 38. Rb5 Nxf4 39. c5 Rdd8 40. Bc4 Kg7 41. Rxa5 Re8 42. Ng2 Nh3 43. d6 Rb8 44. Bb3 f4 45. Nh4 Red8 46. Ra7+ Kf6 47. Nf3 Kf5 48. Kg2 Ng5 49. Nd4+ Ke4 50. Nc6 f3+ 51. Kf1 Ke3 52. Nxd8 Rxd8 53. Bc2 Kd4 54. Bxg6 Kxc5 55. d7 Kb6 56. Ra3 Rxd7 57. h4 Rd1+ 58. Kf2 Rd2+ 59. Ke1 Re2+ 60. Kf1 Ne4 61. Rxf3 Rxa2 62. Bxe4 Ra4 63. Rf4 Kc5 64. Kf2 Kd6 65. Ke3 Ra3+ 66. Bd3 Ke6 67. Kd4 Ra5 68. Bc4+ Ke7 69. Ke4 Rc5 70. Bd5 Ra5 71. Ke5 Ra6 72. Rf7+ Ke8 73. Rf6 Ra1 74. Rxh6 Kf8 75. Rg6 Re1+ 76. Be4 Kf7 77. h5 Re2 78. Rg5 Rh2 79. Bd5+ Kf8 80. Be6 Ke7 81. Bd5 Kf8 82. Kf6 Rf2+ 83. Kg6 Rc2 84. h6 Rc7 85. h7 Rg7+ 86. Kh6 Rxg5 87. h8Q+ Ke7 88. Kxg5 Kd6 89. Qd4 Kc7 90. Qc5+ Kb8 91. Qb6+ Kc8 92. Be6# 1-0

[Event "Piestany Augustus Cup"]
[Site "Piestany"]
[Date "2022.07.15"]
[Round "1"]
[White "Danada, Tomas"]
[Black "Saravanan, Durga"]
[Result "0-1"]
[WhiteElo "2136"]
[BlackElo "1379"]
[PlyCount "54"]
[EventDate "2022.07.15"]
[EventType "swiss (rapid)"]
[EventRounds "7"]
[EventCountry "SVK"]
[SourceTitle "CBM 209 Extra"]
[Source "ChessBase"]
[SourceDate "2022.09.30"]
[SourceVersion "1"]
[SourceVersionDate "2022.09.30"]
[SourceQuality "1"]

1. d4 Nf6 2. c4 e6 3. Nf3 d5 4. Nc3 Bb4 5. Bd2 0-0 6. e3 b6 7. cxd5 exd5 8. Rc1 Bb7 9. Bd3 Nbd7 10. 0-0 a6 11. Ne5 Re8 12. f4 Bxc3 13. Bxc3 Ne4 14. Be1 c5 15. Qh5 g6 16. Qh6 cxd4 17. exd4 Rc8 18. Bh4 f6 19. Rxc8 Bxc8 20. Ng4 Qe7 21. Rc1 Qe6 22. Ne3 Nec5 23. Nxd5 Nxd3 24. Rxc8 Rxc8 25. Nc3 Qe3+ 26. Kf1 Re8 27. Nd5 Qc1+ 0-1

[Event "Piestany Augustus Cup"]
[Site "Piestany"]
[Date "2022.07.15"]
[Round "2"]
[White "Saravanan, Durga"]
[Black "Leszko, Bence"]
[Result "1/2-1/2"]
[WhiteElo "1379"]
[BlackElo "2037"]
[PlyCount "128"]
[EventDate "2022.07.15"]
[EventType "swiss (rapid)"]
[EventRounds "7"]
[EventCountry "SVK"]
[SourceTitle "CBM 209 Extra"]
[Source "ChessBase"]
[SourceDate "2022.09.30"]
[SourceVersion "1"]
[SourceVersionDate "2022.09.30"]
[SourceQuality "1"]

1. d4 e6 2. c4 b6 3. e4 Bb7 4. Nc3 Bb4 5. Bd3 f5 6. Qe2 Nf6 7. Bg5 fxe4 8. Bxe4 Bxe4 9. Bxf6 Qxf6 10. Qxe4 0-0 11. Nf3 Nc6 12. 0-0 Bxc3 13. bxc3 Rae8 14. a4 Qh6 15. Qe3 Qh5 16. Qg5 Qxg5 17. Nxg5 Na5 18. c5 bxc5 19. Rab1 cxd4 20. cxd4 Rb8 21. Rbc1 h6 22. Nf3 Nc6 23. Rfd1 Rb2 24. d5 exd5 25. Rxd5 Rf7 26. a5 Re7 27. h3 a6 28. Kf1 Nb4 29. Rd2 Rxd2 30. Nxd2 Nc6 31. Nb3 Kh7 32. Nc5 Nxa5 33. Nxa6 c6 34. Rc5 Nb3 35. Rc3 Nd4 36. Nc5 d6 37. Nd3 c5 38. Nf4 Ra7 39. g3 g5 40. Nd5 Kg7 41. Kg2 Kf7 42. Re3 Rb7 43. h4 g4 44. Re4 h5 45. Nf4 Re7 46. Rxe7+ Kxe7 47. Nxh5 c4 48. Nf4 Kf7 49. Nd5 Ke6 50. Nf4+ Kf5 51. Nd5 Nc2 52. h5 Ne1+ 53. Kf1 Nf3 54. Ne3+ Kg5 55. Nxc4 d5 56. Ne3 d4 57. Nd1 d3 58. Nb2 Ne5 59. Ke1 Nf3+ 60. Kd1 Kxh5 61. Nxd3 Kg5 62. Ke2 Nd4+ 63. Ke3 Nf5+ 64. Ke4 Nd6+ 1/2-1/2

[Event "Piestany Slovakia op-A"]
[Site "Piestany"]
[Date "2022.07.12"]
[Round "2"]
[White "Saravanan, Durga"]
[Black "Gyerpal, Adrian"]
[Result "1/2-1/2"]
[WhiteElo "1908"]
[BlackElo "2193"]
[PlyCount "98"]
[EventDate "2022.07.11"]
[EventType "swiss"]
[EventRounds "9"]
[EventCountry "SVK"]
[SourceTitle "CBM 209 Extra"]
[Source "ChessBase"]
[SourceDate "2022.09.30"]
[SourceVersion "1"]
[SourceVersionDate "2022.09.30"]
[SourceQuality "1"]

1. d4 d5 2. c4 c6 3. Nc3 dxc4 4. a4 e5 5. dxe5 Qxd1+ 6. Nxd1 Na6 7. e4 Be6 8. Nf3 0-0-0 9. Ne3 Nb4 10. Bd2 h6 11. Rc1 Nd3+ 12. Bxd3 cxd3 13. a5 a6 14. b4 Kb8 15. h3 Ne7 16. Bc3 g5 17. Nd4 d2+ 18. Kxd2 c5 19. bxc5 Nc6 20. Nec2 Bxc5 21. Ke3 Bb3 22. Rhd1 Rd7 23. Ke2 Nxd4+ 24. Rxd4 Bxd4 25. Nxd4 Bc4+ 26. Ke3 Rhd8 27. Rb1 Ka8 28. Rb6 Be6 29. Bb2 h5 30. Rb4 Rc8 31. Rb6 Rc5 32. Nxe6 fxe6 33. Rxe6 Rxa5 34. Re8+ Ka7 35. e6 Rd6 36. e7 Re6 37. Bf6 Ra3+ 38. Kd2 Ra2+ 39. Kc3 Rxf6 40. Ra8+ Kxa8 41. e8Q+ Ka7 42. Qxh5 Rfxf2 43. Qxg5 Rxg2 44. Qc5+ Kb8 45. Qf8+ Kc7 46. Qe7+ Kc6 47. Qe6+ Kc5 48. Qd5+ Kb6 49. Qd6+ Ka7 1/2-1/2

[Event "Piestany Slovakia op-A"]
[Site "Piestany"]
[Date "2022.07.11"]
[Round "1"]
[White "Hrbek, Stepan"]
[Black "Saravanan, Durga"]
[Result "1-0"]
[WhiteElo "2272"]
[BlackElo "1908"]
[PlyCount "59"]
[EventDate "2022.07.11"]
[EventType "swiss"]
[EventRounds "9"]
[EventCountry "SVK"]
[SourceTitle "CBM 209 Extra"]
[Source "ChessBase"]
[SourceDate "2022.09.30"]
[SourceVersion "1"]
[SourceVersionDate "2022.09.30"]
[SourceQuality "1"]

1. d4 Nf6 2. c4 e6 3. Nc3 Bb4 4. e3 0-0 5. Bd2 d6 6. Nf3 d5 7. cxd5 b6 8. Be2 exd5 9. Bd3 Bb7 10. 0-0 Nbd7 11. Qc2 Be7 12. Ne5 c5 13. f4 cxd4 14. exd4 a6 15. Bf5 h6 16. Qd3 b5 17. g4 Nxe5 18. fxe5 Ne8 19. e6 fxe6 20. Bxe6+ Kh8 21. Rxf8+ Bxf8 22. g5 Nc7 23. Bf7 Qd7 24. Rf1 Qg4+ 25. Qg3 Qxg3+ 26. hxg3 hxg5 27. Bxg5 Bd6 28. Kg2 g6 29. Bf6+ Kh7 30. Rh1# 1-0